Amsterdam : (Record no. 124)

MARC details
000 -LEADER
fixed length control field 01083cam a2200301 a 4500
001 - CONTROL NUMBER
control field 11871100
003 - CONTROL NUMBER IDENTIFIER
control field csc
005 - DATE AND TIME OF LATEST TRANSACTION
control field 20200421093819.0
008 - FIXED-LENGTH DATA ELEMENTS--GENERAL INFORMATION
fixed length control field 991217s1999 enka b 001 0 eng
010 ## - LIBRARY OF CONGRESS CONTROL NUMBER
LC control number 99491668
020 ## - INTERNATIONAL STANDARD BOOK NUMBER
International Standard Book Number 1860465986
040 ## - CATALOGING SOURCE
Original cataloging agency DLC
Transcribing agency DLC
Modifying agency DLC
041 1# - LANGUAGE CODE
Language code of text/sound track or separate title eng
Language code of original dut
043 ## - GEOGRAPHIC AREA CODE
Geographic area code e-ne---
050 00 - LIBRARY OF CONGRESS CALL NUMBER
Classification number DJ411.A55
Item number M3513 1999
082 00 - DEWEY DECIMAL CLASSIFICATION NUMBER
Classification number 949.2/352
Edition information 21
100 1# - MAIN ENTRY--PERSONAL NAME
Personal name Mak, Geert.
9 (RLIN) 143
240 10 - UNIFORM TITLE
Uniform title Kleine geschiedenis van Amsterdam.
Language of a work English
245 10 - TITLE STATEMENT
Title Amsterdam :
Remainder of title a brief life of the city /
Statement of responsibility, etc. Geert Mak ; translated from the Dutch by Philipp Blom.
260 ## - PUBLICATION, DISTRIBUTION, ETC.
Place of publication, distribution, etc. London :
Name of publisher, distributor, etc. Harvill Press,
Date of publication, distribution, etc. 1999.
300 ## - PHYSICAL DESCRIPTION
Extent xiii, 338 p. :
Other physical details ill., maps ;
Dimensions 24 cm.
504 ## - BIBLIOGRAPHY, ETC. NOTE
Bibliography, etc. note Includes bibliographical references (p. [326]-329) and indexes.
651 #0 - SUBJECT ADDED ENTRY--GEOGRAPHIC NAME
Geographic name Amsterdam (Netherlands)
General subdivision History.
9 (RLIN) 760
651 #0 - SUBJECT ADDED ENTRY--GEOGRAPHIC NAME
Geographic name Amsterdam (Netherlands)
General subdivision Economic conditions.
9 (RLIN) 761
906 ## - LOCAL DATA ELEMENT F, LDF (RLIN)
a 7
b cbc
c orignew
d 3
e ncip
f 19
g y-gencatlg
942 ## - ADDED ENTRY ELEMENTS (KOHA)
Source of classification or shelving scheme Dewey Decimal Classification
Koha item type Books
Holdings
Withdrawn status Lost status Damaged status Not for loan Collection Home library Current library Shelving location Date acquired Barcode Date last seen Price effective from Koha item type
        Reference Centerville Centerville General stacks 09/04/2014 39999000004977 09/04/2014 09/04/2014 Books
        Reference Centerville Centerville General stacks 09/04/2014 39999000004991 09/04/2014 09/04/2014 Books
        Reference Fairview Fairview General stacks 09/04/2014 39999000004939 09/04/2014 09/04/2014 Books
        Reference Fairview Fairview General stacks 09/04/2014 39999000004953 09/04/2014 09/04/2014 Books